MAASAI MARA UNIVERSITY

LIBRARY CATALOGUE

Contact Us: +254 020 2685356/7 or 0774 057787

Box: 861-20500, NAROK, KENYA

Email: info@mmarau.ac.ke

Jacob,Robin. Hon (Record no. 1430)

MARC details
000 -LEADER
fixed length control field 00433nam a2200133Ia 4500
008 - FIXED-LENGTH DATA ELEMENTS--GENERAL INFORMATION
fixed length control field 151015s9999 xx 000 0 und d
020 ## - INTERNATIONAL STANDARD BOOK NUMBER
International Standard Book Number 421799803
050 ## - LIBRARY OF CONGRESS CALL NUMBER
Classification number KD 1269.3 .B57 2004
245 ## - TITLE STATEMENT
Title Jacob,Robin. Hon
250 ## - EDITION STATEMENT
Edition statement _Intellectual property Patents,trade marks copyright and designs(5th ed) Robin jacob
300 ## - PHYSICAL DESCRIPTION
Extent London sweet & maxwell 2004
650 ## - SUBJECT ADDED ENTRY--TOPICAL TERM
Topical term or geographic name as entry element _Interllectual property
700 ## - ADDED ENTRY--PERSONAL NAME
Personal name ^d20110304 03:13:02^oanne

No items available.

© 2016 Maasai Mara University.